000 00581nam a2200193Ia 4500
005 20250508165342.0
008 008 250505s9999 xx 000 0 hin d
037 _aTextual
040 _aFEDL
_beng
_cFEDL
041 _ahin
_2eng
084 _a407, PRA
_qFEDL
100 _aPrapnn Kaushlender
_9780576
245 0 _aBhasha, bachchen aur shiksha: Sadkon per jeewan bitane vale lakhon bachchon ki akth kahani
260 _aDelhi, India
_bYash Publications
_c2014
300 _a176p.
365 _aINR
_b495
942 _cTEXL
_h407, PRA
999 _c1394627
_d1394627